000 00627nam a2200205 a 4500
005 20140310183544.0
008 111109s19uu xx 00 eng d
020 _a978-0-07-162366-3
050 _aQA 303.2
_b.W74 2010
100 _aWrede, Robert
245 _aSchaum's outline of advanced calculus /
_cRobert Wrede, Murray R.Spiegel.
250 _a3rd ed.
260 _aNew York :
_bMcGraw-Hill,
_c2010.
300 _a445 p. :
_bill. ;
_c28 cm.
650 _aCalculus
_xOutline, syllabi, etc.
650 _aCalculus
_xProblems, exercises, etc.
700 _aSpiegel, Murray R.
942 _cBK
_2lcc
_kFOR
999 _c24855
_d24855